=LDR 00000nam 2200000 4500 =001 INLIS000000000042534 =005 20210923025125 =035 ##$$a 0010-101300000000456 =008 210923################g##########0#ind## =041 ##$$a ind =082 ##$$a 615 =090 ##$$a 615, Mar f =100 ##$$a Mary J Mycek =245 1#$$a Farmakologi ulasan bergambar, /$c Mary j mycek;Alih bahasa, H. azwar agoes;Editor, Huriawati hartanto =260 ##$$a Jakarta :$b Widya Medika,$c 2001 =300 ##$$a Viii,475 hlm, : $b Ilus, ; $c 21x30 cm. =650 #4$$a FARMAKOLOGI =700 #$$a Azwar Agus =850 ##$$a NBPNMAT =020 ##$$a 979-519-080-6 =084 ##$$a 615 MAR f =990 ##$$a 20606770 =990 ##$$a 21197077/BPAP-NTB/2014 =990 ##$$a 21400613/BPAP-NTB/20142014 =990 ##$$a 0001/BPAP-NTB/20142014 =990 ##$$a 11481148 =990 ##$$a 7728 =990 ##$$a 20606770 =990 ##$$a 21197077/BPAP-NTB/2014 =990 ##$$a 21400613/BPAP-NTB/20142014 =990 ##$$a 0001/BPAP-NTB/20142014 =990 ##$$a 11781178 =990 ##$$a 20606356 =990 ##$$a 20606770 =990 ##$$a 21197077/BPAP-NTB/2014 =990 ##$$a 21400613/BPAP-NTB/20142014 =990 ##$$a 0001/BPAP-NTB/20142014 =990 ##$$a 7728 =990 ##$$a 20601893 =990 ##$$a 21197077/BPAP-NTB/2014 =990 ##$$a 21400613/BPAP-NTB/20142014 =990 ##$$a 0001/BPAP-NTB/20142014 =990 ##$$a 7728 =990 ##$$a 20606356 =990 ##$$a 20606770 =990 ##$$a 21197077/BPAP-NTB/2014 =990 ##$$a 21400613/BPAP-NTB/20142014 =990 ##$$a 0001/BPAP-NTB/20142014 =990 ##$$a 7728 =990 ##$$a 20606356 =990 ##$$a 20242024 =990 ##$$a 20601893 =990 ##$$a 20606770 =990 ##$$a 21197077/BPAP-NTB/2014 =990 ##$$a 21400613/BPAP-NTB/20142014 =990 ##$$a 0001/BPAP-NTB/20142014 =990 ##$$a 7728 =990 ##$$a 20606356 =990 ##$$a 20601712 =990 ##$$a 21197077/BPAP-NTB/2014 =990 ##$$a 21400613/BPAP-NTB/20142014 =990 ##$$a 0001/BPAP-NTB/20142014 =990 ##$$a 7728 =990 ##$$a 20606356 =990 ##$$a 20601893 =990 ##$$a 20606358 =990 ##$$a 20601712 =990 ##$$a 21197077/BPAP-NTB/2014 =990 ##$$a 21400613/BPAP-NTB/20142014 =990 ##$$a 0001/BPAP-NTB/20142014 =990 ##$$a 7728 =990 ##$$a 20601893 =990 ##$$a 01490149 =990 ##$$a 20606357 =990 ##$$a 20601712 =990 ##$$a 21197077/BPAP-NTB/2014 =990 ##$$a 21400613/BPAP-NTB/20142014 =990 ##$$a 0001/BPAP-NTB/20142014 =990 ##$$a 7728 =990 ##$$a 20606358 =990 ##$$a 20601893 =990 ##$$a 20606357 =990 ##$$a 20601712 =990 ##$$a 21197077/BPAP-NTB/2014 =990 ##$$a 21400613/BPAP-NTB/20142014 =990 ##$$a 0001/BPAP-NTB/20142014 =990 ##$$a 7728 =990 ##$$a 20606358 =990 ##$$a 20601893 =990 ##$$a 20606357 =990 ##$$a 20601712 =990 ##$$a 21197077/BPAP-NTB/2014 =990 ##$$a 21400613/BPAP-NTB/20142014 =990 ##$$a 0001/BPAP-NTB/20142014 =990 ##$$a 7728 =990 ##$$a 20606358 =990 ##$$a 20601893 =990 ##$$a 20606357 =990 ##$$a 20601712 =990 ##$$a 21197077/BPAP-NTB/2014 =990 ##$$a 21400613/BPAP-NTB/20142014 =990 ##$$a 0001/BPAP-NTB/20142014 =990 ##$$a 7728 =990 ##$$a 20606358 =990 ##$$a 20601893 =990 ##$$a 20606357 =990 ##$$a 20601712 =990 ##$$a 21197077/BPAP-NTB/2014 =990 ##$$a 21400613/BPAP-NTB/20142014 =990 ##$$a 0001/BPAP-NTB/20142014 =990 ##$$a 7728 =990 ##$$a 20606358 =990 ##$$a 20601893